00462nam a2200193 a 4500001001300000003000900013005001700022008003800039020001000077082001500087100002500102245003000127260001300157300000900170500003500179505001000214650001900224700002500243nice12345678IN_TiNIC20260116011624.0050524s1903 a grp 000 0 per  ac10000a297.4bLOD aLodhi, Amir Sher Ali aTazkira-E-Meraatul Khiyal abc1903 a344p aincludes index and biblioraphy2 aIndex aSufism-Persian1 aLodhi, Amir Sher Ali